Mesa redonda sobre terapéutica y rehabilitación del enfermo psicótico crónico
Publicado:
San Jorge, núm. 88 (4t trimestre 1972), pàg 75 :
MARC
| LEADER | 00000nam a2200000Ia 4500 | ||
|---|---|---|---|
| 001 | |||
| 008 | 160829s9999 xx 000 0 cat d | ||
| 245 | |a Mesa redonda sobre terapéutica y rehabilitación del enfermo psicótico crónico | ||
| 260 | |a San Jorge, núm. 88 (4t trimestre 1972), pàg 75 | ||
| 650 | |a Malalts mentals |x Cura |9 41829 | ||
| 650 | |a Malalts mentals |x Rehabilitació |9 41830 | ||
| 710 | 2 | |a Centres Assistencials Dr. Emili Mira i López |9 52938 | |
| 901 | |a Arxiu | ||
| 942 | |n 1 | ||
| 952 | |0 0 |1 0 |4 0 |7 1 |9 50497 |a Arxiu |b Arxiu |d 2016-12-01 |l 0 |r 2016-12-01 00:00:00 |w 2016-12-01 |y ARXIU | ||
| 999 | |c 54339 |d 54339 | ||